000 00623nam a2200229Ia 4500
003 OSt
005 20220924125508.0
006 a|||||r|||| 00| 0
007 ta
008 220923b |||||||| |||| 00| 0 tel d
024 _a332655
037 _cTextual
040 _aARTS
_cARTS
_btel
041 _2tel
_atel
082 _aO35,1M67:g, M4
100 _aBharathi Muktevi
_9198364
245 0 _aChlakamarti kavitha vybhavam
260 _aSecunderabad
_bYuva Bharathi
_c1984
650 _aTELUGU POETRY
942 _hO35,1M67:g, M4
_cTEXL
_2CC
999 _c422755
_d422755